The dynamics of soviet society
Enregistré dans:
| Auteur principal: | |
|---|---|
| Format: | Livre |
| Langue: | anglais |
| Publié: |
Nueva York
The New American Library
1954
|
| Collection: | A Mentor Book, 406
|
| Sujets: | |
| Tags: |
Ajouter un tag
Pas de tags, Soyez le premier à ajouter un tag!
|
MARC
| LEADER | 00000nam a2200000 a 4500 | ||
|---|---|---|---|
| 001 | UCO1703 | ||
| 003 | CL-VaPUC | ||
| 008 | 000519e19540000US |||||||||||||||||eng|d | ||
| 082 | 0 | 4 | |a 947 |b ROS |2 21 |
| 100 | 0 | |a Rostow, W. W |e author |9 357978 | |
| 245 | 1 | 4 | |a The dynamics of soviet society |
| 300 | |a 264 p | ||
| 942 | |c BK | ||
| 945 | |d 20000519 00:00:00 |a rherrera | ||
| 260 | |a Nueva York |b The New American Library |c 1954 | ||
| 650 | 0 | |a Historia de Rusia |9 343091 | |
| 650 | 7 | |a ECONOMIA RUSA |2 CL-VaPUC |9 444162 | |
| 650 | 0 | |a Ideologías políticas |9 255735 | |
| 650 | 0 | |a Socialismo |9 255260 | |
| 650 | 0 | |a Cultura |9 269059 | |
| 650 | 7 | |a ESTADO UNITARIO |2 CL-VaPUC |9 444163 | |
| 650 | 0 | |a Totalitarismo |9 255261 | |
| 651 | 0 | |a Rusia |9 256106 | |
| 583 | |a last modification |c 20000519 00:00:00 |k Rodrigo Vera | ||
| 490 | 0 | |a A Mentor Book, 406 | |
| 999 | |c 288307 |d 288305 | ||
| 952 | |0 0 |1 0 |4 0 |6 947_000000000000000_ROS_1954 |7 0 |8 A |9 335896 |a BIBHIS |b BIBHIS |d 2019-11-20 |i 1282700 |o 947 ROS 1954 |p 1282700 |r 2025-01-20 |w 2019-11-20 |y BK |k HIS | ||